Statistics for Geography starting with B

Click here to take the quiz!

General Stats

  • This quiz has been taken 56 times
  • The average score is 8 of 10

Answer Stats

LettersClueAnswer% Correct
11Capital of ArgentinaBuenos Aires
96%
4Indonesias most visited islandBali
93%
8Capital of HungaryBudapest
93%
10Country that borders India and MyanmarBangladesh
91%
6Small country on island of BorneoBrunei
89%
5West African countryBenin
83%
9Largest city in MarylandBaltimore
81%
7British Overseas Territory in Atlantic OceanBermuda
67%
12One of South Africas capitalsBloemfontein
63%
13Gallery of historical and cultural artefacts located in LondonBritish Museum
46%

Score Distribution

Percentile by Number Answered

Percent of People with Each Score

Your Score History

You have not taken this quiz